| 000 | 00426nam a2200181Ia 4500 | ||
|---|---|---|---|
| 008 | 230524s9999 xx 000 0 und d | ||
| 020 | _a0070858112 | ||
| 082 |
_a620.1 _bTIM |
||
| 100 | _aS.Timosenko | ||
| 245 | 0 | _aEngineering Mechanics | |
| 250 | _a4TH | ||
| 260 |
_aNEW DELHI _bM.C.Grawhill _c1956 |
||
| 300 | _aX;534 | ||
| 500 | _aQuantity Number: 431 | ||
| 650 | _aMechanics | ||
| 700 | _a D.H.Young | ||
| 942 | _cBK | ||
| 999 |
_c11538 _d11538 |
||